<?xml version="1.0" encoding="UTF-8"?>
<record
    xmlns:xsi="http://www.w3.org/2001/XMLSchema-instance"
    xsi:schemaLocation="http://www.loc.gov/MARC21/slim http://www.loc.gov/standards/marcxml/schema/MARC21slim.xsd"
    xmlns="http://www.loc.gov/MARC21/slim">

  <leader>02466cam a2200313 a 4500</leader>
  <controlfield tag="001">000002901</controlfield>
  <controlfield tag="003">DO-SdBNP</controlfield>
  <controlfield tag="005">20220721122115.0</controlfield>
  <controlfield tag="008">010115s1999    mx a          001 p spa  </controlfield>
  <datafield tag="020" ind1=" " ind2=" ">
    <subfield code="a">968625983X</subfield>
  </datafield>
  <datafield tag="040" ind1=" " ind2=" ">
    <subfield code="a">DO-SdBNP</subfield>
    <subfield code="b">spa</subfield>
    <subfield code="c">BNPHU</subfield>
  </datafield>
  <datafield tag="082" ind1=" " ind2=" ">
    <subfield code="a">M861.4</subfield>
    <subfield code="b">C569a</subfield>
  </datafield>
  <datafield tag="245" ind1="0" ind2="0">
    <subfield code="a">100 a&#xF1;os de poes&#xED;a en Aguascalientes :</subfield>
    <subfield code="b">50 poetas /</subfield>
    <subfield code="c">selecci&#xF3;n, introducci&#xF3;n y notas, Mar&#xED;a del Carmen Arellano Olivas ... [et al.].</subfield>
  </datafield>
  <datafield tag="246" ind1="3" ind2=" ">
    <subfield code="a">Cien a&#xF1;os de poes&#xED;a en Aguascalientes</subfield>
  </datafield>
  <datafield tag="260" ind1=" " ind2=" ">
    <subfield code="a">Aguascalientes, Mexico :</subfield>
    <subfield code="b">Universidad Aut&#xF3;noma de Aguascalientes,</subfield>
    <subfield code="c">1999.</subfield>
  </datafield>
  <datafield tag="300" ind1=" " ind2=" ">
    <subfield code="a">238 p. :</subfield>
    <subfield code="b">ils. ;</subfield>
    <subfield code="c">23 cm.</subfield>
  </datafield>
  <datafield tag="504" ind1=" " ind2=" ">
    <subfield code="a">Bibliograf&#xED;as : p. 227-234</subfield>
  </datafield>
  <datafield tag="505" ind1="0" ind2=" ">
    <subfield code="a">Desiderio Mac&#xED;as Silva -- Enrique Fern&#xE1;ndez Ledesma -- Ricardo Esquer -- Alejandro Sandoval -- Juan Carlos Quiroz -- Carolina Castro Padilla -- Josefina Esparza -- Antonio Esparza -- Mario Mora Barba -- Luis Avelar Gonz&#xE1;lez -- Jorge Antonio Villalobos -- Miguel &#xC1;ngel M&#xE9;ndez -- Miguel &#xC1;ngel Sahag&#xFA;n -- Victor Sandoval -- Dolores Castro -- Salvador Gallardo (hijo) -- Rub&#xE9;n Ch&#xE1;vez -- Salvador Gallardo Cabrera -- Benjam&#xED;n Valdivia -- Rosa Luz de Luna -- Socorro Noem&#xED; D. Mac&#xED;as -- Roberto Quiroz Ben&#xED;tez -- Patricia Gonz&#xE1;lez Richmond -- Eudoro Fonseca Yerena -- Sofia Ram&#xED;rez -- Salvador Gallardo D&#xE1;valos --</subfield>
  </datafield>
  <datafield tag="505" ind1="0" ind2=" ">
    <subfield code="a">Arnulfo d'Luna -- Eduardo L&#xF3;pez -- Carlos L&#xF3;pez Moctezuma -- Agust&#xED;n Lascazas -- Rodolfo Meza -- Oscar Santos -- Eduardo J. Correa -- Juan Pablo de &#xC1;vila -- Fabian Mu&#xF1;oz -- Jorge Alfonso Ch&#xE1;vez Gallo -- Armando Quiroz Ben&#xED;tez -- Arlette Lu&#xE9;vano D&#xED;az -- Patricia Ort&#xED;z -- Jes&#xFA;s Reyes Ruiz -- Humberto Brand S&#xE1;nchez -- Jos&#xE9; de Jes&#xFA;s Lara Huerta -- Edmundo Games Orozco -- Guillermo Garc&#xED;a Varela -- Ricardo Orozco -- Jorge Castillo -- Juan Manuel Aranda Mata -- Elisa Guerra -- Liliana Ram&#xED;rez -- Eduardo J. Correa -- Armando Alonso de Alba -- Antonio Esparza -- Carolina Castro Padilla -- Oscar Santos -- Dolores Castro -- Patricia Gonz&#xE1;lez Richmond -- Jorge Castillo -- Benjam&#xED;n Valdivia.</subfield>
  </datafield>
  <datafield tag="650" ind1=" " ind2="4">
    <subfield code="a">Poes&#xED;a mexicana</subfield>
    <subfield code="x">Colecciones</subfield>
    <subfield code="9">8097</subfield>
  </datafield>
  <datafield tag="650" ind1=" " ind2="4">
    <subfield code="a">Poes&#xED;a mexicana</subfield>
    <subfield code="z">Aguascalientes</subfield>
    <subfield code="9">9215</subfield>
  </datafield>
  <datafield tag="650" ind1=" " ind2="4">
    <subfield code="a">Literatura mexicana</subfield>
    <subfield code="y">SIGLO XX</subfield>
    <subfield code="9">9216</subfield>
  </datafield>
  <datafield tag="650" ind1=" " ind2="4">
    <subfield code="a">Literatura latinoamericana</subfield>
    <subfield code="y">SIGLO XX</subfield>
    <subfield code="9">203</subfield>
  </datafield>
  <datafield tag="700" ind1="1" ind2="2">
    <subfield code="a">Arellano Olivas, Mar&#xED;a del Carmen</subfield>
    <subfield code="9">9217</subfield>
  </datafield>
  <datafield tag="700" ind1="1" ind2="2">
    <subfield code="a">Giacinti Comte, Alicia</subfield>
    <subfield code="9">9218</subfield>
  </datafield>
  <datafield tag="700" ind1="1" ind2="2">
    <subfield code="a">Ram&#xED;rez Carballo, Yolanda</subfield>
    <subfield code="9">9219</subfield>
  </datafield>
  <datafield tag="700" ind1="1" ind2="2">
    <subfield code="a">Sandoval Cornejo, Martha Lilia</subfield>
    <subfield code="9">9220</subfield>
  </datafield>
  <datafield tag="942" ind1=" " ind2=" ">
    <subfield code="2">ddc</subfield>
    <subfield code="c">LBS1</subfield>
  </datafield>
  <datafield tag="952" ind1=" " ind2=" ">
    <subfield code="0">0</subfield>
    <subfield code="1">0</subfield>
    <subfield code="5">0</subfield>
    <subfield code="7">1</subfield>
    <subfield code="8">MO</subfield>
    <subfield code="a">GR</subfield>
    <subfield code="b">GR</subfield>
    <subfield code="c">HD</subfield>
    <subfield code="d">2009-07-04</subfield>
    <subfield code="i">LF1</subfield>
    <subfield code="l">0</subfield>
    <subfield code="o">M861.4 C569a</subfield>
    <subfield code="p">2901-10</subfield>
    <subfield code="r">2020-06-25</subfield>
    <subfield code="w">2020-06-25</subfield>
    <subfield code="y">1</subfield>
    <subfield code="Z">No se presta</subfield>
  </datafield>
  <datafield tag="952" ind1=" " ind2=" ">
    <subfield code="0">0</subfield>
    <subfield code="1">1</subfield>
    <subfield code="5">0</subfield>
    <subfield code="7">1</subfield>
    <subfield code="8">MO</subfield>
    <subfield code="a">GR</subfield>
    <subfield code="b">GR</subfield>
    <subfield code="c">MI</subfield>
    <subfield code="d">2017-05-26</subfield>
    <subfield code="i">LF1</subfield>
    <subfield code="l">0</subfield>
    <subfield code="o">M861.4 C569a</subfield>
    <subfield code="p">2901-20</subfield>
    <subfield code="r">2020-06-25</subfield>
    <subfield code="t">e. 2</subfield>
    <subfield code="w">2020-06-25</subfield>
    <subfield code="y">1</subfield>
    <subfield code="Z">No se presta</subfield>
  </datafield>
  <datafield tag="999" ind1=" " ind2=" ">
    <subfield code="c">2735</subfield>
    <subfield code="d">2735</subfield>
  </datafield>
</record>
